000 00968nam a2200277 a 4500
001
003 DO-SdBPM
005 20250912133915.0
007 ta
008 181101s2017 dr ac 000 p spa d
020 _a9789945494259
040 _aDO-SdBPMU
_bspa
_cBPMSU
_d
_erda
082 4 _aRD861.44
_bR595a 2017
_222
100 1 _aRisco Bermúdez, René del,
_d1937-1972
_eautor
245 1 0 _aAhora que vuelvo, Ton :
_bselección de poemas de René del Risco Bermúdez /
_cRené del Risco Bermúdez.
264 _aSanto Domingo :
_bVicepresidencia de la República Dominicana,
_c2017.
300 _a52 páginas :
_bilustraciones, retrato ;
_c21 cm.
336 _atexto
_btxt
_2rdacontent
337 _asin mediación
_bn
_2rdamedia
338 _avolumen
_bnc
_2rdacarrier
590 _aInventariado, 2025/VM
650 7 _aPoesía dominicana
_vColecciones
650 7 _aLiteratura dominicana.
_v
910 _aVMateo V.Control de calidad. BPMSU
942 _2ddc
_cBK
999 _c14204
_d14204